000 00563nam a2200193Ia 4500
001 19624
003 GE_BSU
008 181216s||||||||xx |||||||||||||| ||und||
040 _cGE_BSU
245 _aВопросы Культурологии, 10.2016
245 _cГл.ред.Агошков Андрей Валерьевич
260 _aМосква
260 _c2016
300 _a100стр. 24см.
653 _aВопросы Культурологии. 10.2016
653 _aПериодика
653 _aპერიოდიკა
942 _cCR
999 _c52600
_d52600